[Event "TUR-chT"]
[Site "Ankara"]
[Date "2022.08.18"]
[Round "3.6"]
[White "Unat, Can Haktan"]
[Black "Celik, Hasan Huseyin"]
[Result "1-0"]
[WhiteElo "2256"]
[BlackElo "2376"]
[PlyCount "131"]
[EventDate "2022.08.16"]
[EventType "team-tourn"]
[EventRounds "13"]
[EventCountry "TUR"]
[SourceTitle "CBM 209 Extra"]
[Source "ChessBase"]
[SourceDate "2022.09.30"]
[SourceVersion "1"]
[SourceVersionDate "2022.09.30"]
[SourceQuality "1"]
[WhiteTeam "Darassufaka Spor"]
[BlackTeam "Burhaniye"]
[WhiteTeamCountry "TUR"]
[BlackTeamCountry "TUN"]

1. e4 e6 2. d4 d5 3. Nc3 Bb4 4. e5 c5 5. a3 Bxc3+ 6. bxc3 Qc7 7. Qg4 Ne7 8. Bd3 cxd4 9. Ne2 dxc3 10. Qxg7 Rg8 11. Qxh7 Qxe5 12. h4 Nd7 13. Bf4 Qf6 14. Bg5 Qh8 15. Qxh8 Rxh8 16. Nxc3 a6 17. 0-0-0 f6 18. Be3 b5 19. g4 Bb7 20. g5 Rc8 21. gxf6 Nxf6 22. Bd4 Kf7 23. f4 Nc6 24. Ne2 Nxd4 25. Nxd4 Ng4 26. Rd2 Rcg8 27. Re2 Bc8 28. h5 Kf6 29. Kb2 Rh6 30. Rh4 Rhh8 31. Nf3 Bd7 32. Bg6 Nh6 33. Rh1 Rg7 34. Rhe1 Re7 35. Nd4 Rg8 36. Re3 Rc8 37. Bd3 Rg8 38. Bg6 Rc8 39. Rg1 Rg7 40. Rg5 Rf8 41. Reg3 Ke7 42. Bd3 Rgf7 43. Rg6 Rf6 44. Nf3 Kd6 45. Rxf6 Rxf6 46. Rg6 Ke7 47. Rxf6 Kxf6 48. Bg6 Ng4 49. Kc3 e5 50. fxe5+ Nxe5 51. Nxe5 Kxe5 52. h6 Kf6 53. h7 Kg7 54. Kb4 Kh8 55. Bd3 Kg7 56. Kc5 Be6 57. Kb6 Bc8 58. Kc6 Be6 59. Bg6 Kh8 60. Kd6 Bg4 61. Kxd5 a5 62. c3 b4 63. cxb4 axb4 64. axb4 Bd7 65. Kc5 Kg7 66. Be4 1-0

[Event "TUR-chT"]
[Site "Ankara"]
[Date "2022.08.17"]
[Round "2.1"]
[White "Caputcuoglu, Zeki Berke"]
[Black "Unat, Can Haktan"]
[Result "1/2-1/2"]
[WhiteElo "2263"]
[BlackElo "2256"]
[PlyCount "138"]
[EventDate "2022.08.16"]
[EventType "team-tourn"]
[EventRounds "13"]
[EventCountry "TUR"]
[SourceTitle "CBM 209 Extra"]
[Source "ChessBase"]
[SourceDate "2022.09.30"]
[SourceVersion "1"]
[SourceVersionDate "2022.09.30"]
[SourceQuality "1"]
[WhiteTeam "Gokyay Vakfi"]
[BlackTeam "Darassufaka Spor"]
[WhiteTeamCountry "TUR"]
[BlackTeamCountry "TUR"]

1. e4 c5 2. Nf3 e6 3. d4 cxd4 4. Nxd4 Nf6 5. Nc3 Nc6 6. a3 d5 7. Bb5 Bd7 8. exd5 exd5 9. 0-0 Be7 10. Re1 0-0 11. Be3 Re8 12. Be2 Be6 13. Bf3 Qd7 14. Bg5 Rac8 15. Nxe6 fxe6 16. Ne2 Ne5 17. Nd4 Bd6 18. Bxf6 gxf6 19. Bh5 Ng6 20. g3 Bf8 21. c3 Qf7 22. Qd2 Bc5 23. Rad1 Re7 24. Kh1 Bxd4 25. Qxd4 b6 26. f4 f5 27. Qb4 Rc5 28. a4 Qf6 29. Bf3 Kg7 30. Kg2 Rd7 31. Be2 Ne7 32. Bb5 Rdc7 33. Qd4 Qxd4 34. Rxd4 Kf6 35. h3 Nc8 36. g4 Nd6 37. Bd3 Ne4 38. g5+ Kg6 39. h4 h5 40. c4 a5 41. cxd5 Rxd5 42. Rxd5 exd5 43. Re2 Re7 44. Kf3 Re6 45. Bb5 d4 46. Bd3 Nc5 47. Rxe6+ Nxe6 48. Bb5 Nc5 49. Be8+ Kg7 50. Ke2 Ne6 51. Kd3 Kf8 52. Bc6 Ke7 53. Bf3 Nc5+ 54. Kxd4 Nxa4 55. b3 Nc5 56. Bd5 Nd7 57. Bf3 Nc5 58. Ke5 Nxb3 59. Bd5 Nc5 60. g6 Kf8 61. Kxf5 Kg7 62. Kg5 Nd7 63. Bc6 Nf6 64. f5 Ng8 65. Kxh5 Kf6 66. Bd7 a4 67. Be6 Ne7 68. Kg4 Nxg6 69. fxg6 Ke5 1/2-1/2